<?xml version="1.0" encoding="UTF-8"?>
<record
    xmlns:xsi="http://www.w3.org/2001/XMLSchema-instance"
    xsi:schemaLocation="http://www.loc.gov/MARC21/slim http://www.loc.gov/standards/marcxml/schema/MARC21slim.xsd"
    xmlns="http://www.loc.gov/MARC21/slim">

  <leader>01514nam a2200277 a 4500</leader>
  <controlfield tag="001">000041084490</controlfield>
  <controlfield tag="003">OSt</controlfield>
  <controlfield tag="005">20150408114138.0</controlfield>
  <controlfield tag="008">060726s2007    maua     b    001 0ceng  </controlfield>
  <datafield tag="020" ind1=" " ind2=" ">
    <subfield code="a">9780321491695</subfield>
  </datafield>
  <datafield tag="020" ind1=" " ind2=" ">
    <subfield code="a">0321491696 (international ed. : pbk.)</subfield>
  </datafield>
  <datafield tag="020" ind1=" " ind2=" ">
    <subfield code="a">9780321491695 (international ed. : pbk.)</subfield>
  </datafield>
  <datafield tag="040" ind1=" " ind2=" ">
    <subfield code="a">Ma-Un </subfield>
  </datafield>
  <datafield tag="082" ind1="0" ind2="0">
    <subfield code="a">005.453</subfield>
    <subfield code="2">22</subfield>
  </datafield>
  <datafield tag="245" ind1="0" ind2="0">
    <subfield code="a">Compilers :</subfield>
    <subfield code="b">principles, techniques, &amp; tools /</subfield>
    <subfield code="c">Alfred V. Aho ... [et al.]</subfield>
  </datafield>
  <datafield tag="250" ind1=" " ind2=" ">
    <subfield code="a">2nd ed.</subfield>
  </datafield>
  <datafield tag="260" ind1=" " ind2=" ">
    <subfield code="a">Boston :</subfield>
    <subfield code="b">Pearson/Addison Wesley,</subfield>
    <subfield code="c">c2007.</subfield>
  </datafield>
  <datafield tag="300" ind1=" " ind2=" ">
    <subfield code="a">xxiv, 1009 p. :</subfield>
    <subfield code="b">ill. ;</subfield>
    <subfield code="c">25 cm.</subfield>
  </datafield>
  <datafield tag="500" ind1=" " ind2=" ">
    <subfield code="a">Rev. ed. of: Compilers, principles, techniques, and tools / Alfred V. Aho, Ravi Sethi, Jeffrey D. Ullman. 1986.</subfield>
  </datafield>
  <datafield tag="504" ind1=" " ind2=" ">
    <subfield code="a">Includes bibliographical references and index.</subfield>
  </datafield>
  <datafield tag="520" ind1="1" ind2=" ">
    <subfield code="a">"This new edition of the classic "Dragon" book has been completely revised to include the most recent developments to compiling. The book provides a thorough introduction to compiler design and continues to emphasize the applicability of compiler technology to a broad range of problems in software design and development. The first hall of the book is designed for use in an undergraduate compilers course while the second half can be used in a graduate course stressing code optimization."--BOOK JACKET of hbk.</subfield>
  </datafield>
  <datafield tag="650" ind1=" " ind2="0">
    <subfield code="a">Compilers (Computer programs)</subfield>
    <subfield code="9">36680</subfield>
  </datafield>
  <datafield tag="700" ind1="1" ind2=" ">
    <subfield code="a">Aho, Alfred V.</subfield>
    <subfield code="9">36681</subfield>
  </datafield>
  <datafield tag="700" ind1="1" ind2=" ">
    <subfield code="a">Aho, Alfred V.</subfield>
    <subfield code="t">Compilers, principles, techniques, and tools.</subfield>
    <subfield code="9">36682</subfield>
  </datafield>
  <datafield tag="942" ind1=" " ind2=" ">
    <subfield code="2">ddc</subfield>
    <subfield code="c">BOOK</subfield>
  </datafield>
  <datafield tag="999" ind1=" " ind2=" ">
    <subfield code="c">30514</subfield>
    <subfield code="d">265014</subfield>
  </datafield>
  <datafield tag="952" ind1=" " ind2=" ">
    <subfield code="1">0</subfield>
    <subfield code="2">2013-08-21</subfield>
    <subfield code="4">0</subfield>
    <subfield code="7">1</subfield>
    <subfield code="a">005.453 COP</subfield>
    <subfield code="c">3</subfield>
    <subfield code="d">2013-08-21</subfield>
    <subfield code="h">SZM</subfield>
    <subfield code="i">00450774</subfield>
    <subfield code="m">SZM</subfield>
    <subfield code="q">2014-02-11</subfield>
    <subfield code="r">2014-05-14 00:00:00</subfield>
    <subfield code="t">BOOK</subfield>
    <subfield code="w">ddc</subfield>
    <subfield code="y">1</subfield>
  </datafield>
  <datafield tag="952" ind1=" " ind2=" ">
    <subfield code="1">0</subfield>
    <subfield code="2">2013-08-21</subfield>
    <subfield code="4">0</subfield>
    <subfield code="7">0</subfield>
    <subfield code="a">005.453 COP</subfield>
    <subfield code="c">1</subfield>
    <subfield code="d">2013-08-21</subfield>
    <subfield code="h">SZM</subfield>
    <subfield code="i">00450773</subfield>
    <subfield code="m">SZM</subfield>
    <subfield code="r">2013-08-21 00:00:00</subfield>
    <subfield code="t">BOOK</subfield>
    <subfield code="w">ddc</subfield>
    <subfield code="y">0</subfield>
  </datafield>
  <datafield tag="952" ind1=" " ind2=" ">
    <subfield code="1">0</subfield>
    <subfield code="2">2013-08-21</subfield>
    <subfield code="4">0</subfield>
    <subfield code="7">0</subfield>
    <subfield code="a">005.453 COP</subfield>
    <subfield code="c">2</subfield>
    <subfield code="d">2013-08-21</subfield>
    <subfield code="h">SZM</subfield>
    <subfield code="i">00450775</subfield>
    <subfield code="m">SZM</subfield>
    <subfield code="q">2014-02-06</subfield>
    <subfield code="r">2014-03-02 00:00:00</subfield>
    <subfield code="t">BOOK</subfield>
    <subfield code="w">ddc</subfield>
    <subfield code="y">1</subfield>
  </datafield>
  <datafield tag="952" ind1=" " ind2=" ">
    <subfield code="1">0</subfield>
    <subfield code="2">2013-08-23</subfield>
    <subfield code="4">0</subfield>
    <subfield code="7">0</subfield>
    <subfield code="a">005.453 COP</subfield>
    <subfield code="c">1</subfield>
    <subfield code="d">2013-08-23</subfield>
    <subfield code="h">CL</subfield>
    <subfield code="i">00450778</subfield>
    <subfield code="m">CL</subfield>
    <subfield code="r">2013-08-23 00:00:00</subfield>
    <subfield code="t">BOOK</subfield>
    <subfield code="w">ddc</subfield>
    <subfield code="y">0</subfield>
  </datafield>
  <datafield tag="952" ind1=" " ind2=" ">
    <subfield code="1">0</subfield>
    <subfield code="2">2013-08-23</subfield>
    <subfield code="4">0</subfield>
    <subfield code="7">0</subfield>
    <subfield code="a">005.453 COP</subfield>
    <subfield code="c">2</subfield>
    <subfield code="d">2013-08-23</subfield>
    <subfield code="h">CL</subfield>
    <subfield code="i">00450777</subfield>
    <subfield code="m">CL</subfield>
    <subfield code="r">2013-08-23 00:00:00</subfield>
    <subfield code="t">BOOK</subfield>
    <subfield code="w">ddc</subfield>
    <subfield code="y">0</subfield>
  </datafield>
  <datafield tag="952" ind1=" " ind2=" ">
    <subfield code="1">0</subfield>
    <subfield code="2">2013-08-23</subfield>
    <subfield code="4">0</subfield>
    <subfield code="7">1</subfield>
    <subfield code="a">005.453 COP</subfield>
    <subfield code="c">3</subfield>
    <subfield code="d">2013-08-23</subfield>
    <subfield code="h">CL</subfield>
    <subfield code="i">00450776</subfield>
    <subfield code="m">CL</subfield>
    <subfield code="r">2013-08-23 00:00:00</subfield>
    <subfield code="t">BOOK</subfield>
    <subfield code="w">ddc</subfield>
    <subfield code="y">0</subfield>
  </datafield>
  <datafield tag="952" ind1=" " ind2=" ">
    <subfield code="1">0</subfield>
    <subfield code="2">2013-08-24</subfield>
    <subfield code="4">0</subfield>
    <subfield code="7">0</subfield>
    <subfield code="a">005.453 COP</subfield>
    <subfield code="c">3</subfield>
    <subfield code="d">2013-08-24</subfield>
    <subfield code="h">CL</subfield>
    <subfield code="i">00450878</subfield>
    <subfield code="m">CL</subfield>
    <subfield code="q">2016-10-13</subfield>
    <subfield code="r">2017-05-24 00:00:00</subfield>
    <subfield code="t">BOOK</subfield>
    <subfield code="w">ddc</subfield>
    <subfield code="y">1</subfield>
  </datafield>
  <datafield tag="952" ind1=" " ind2=" ">
    <subfield code="1">0</subfield>
    <subfield code="2">2013-08-24</subfield>
    <subfield code="4">0</subfield>
    <subfield code="7">0</subfield>
    <subfield code="a">005.453 COP</subfield>
    <subfield code="c">4</subfield>
    <subfield code="d">2013-08-24</subfield>
    <subfield code="h">CL</subfield>
    <subfield code="i">00450877</subfield>
    <subfield code="m">CL</subfield>
    <subfield code="r">2013-08-24 00:00:00</subfield>
    <subfield code="t">BOOK</subfield>
    <subfield code="w">ddc</subfield>
    <subfield code="y">0</subfield>
  </datafield>
  <datafield tag="952" ind1=" " ind2=" ">
    <subfield code="1">0</subfield>
    <subfield code="2">2013-08-24</subfield>
    <subfield code="4">0</subfield>
    <subfield code="7">0</subfield>
    <subfield code="a">005.453 COP</subfield>
    <subfield code="c">4</subfield>
    <subfield code="d">2013-08-24</subfield>
    <subfield code="h">SZM</subfield>
    <subfield code="i">00450875</subfield>
    <subfield code="m">SZM</subfield>
    <subfield code="r">2013-08-24 00:00:00</subfield>
    <subfield code="t">BOOK</subfield>
    <subfield code="w">ddc</subfield>
    <subfield code="y">0</subfield>
  </datafield>
  <datafield tag="952" ind1=" " ind2=" ">
    <subfield code="1">0</subfield>
    <subfield code="2">2013-08-24</subfield>
    <subfield code="4">0</subfield>
    <subfield code="7">0</subfield>
    <subfield code="a">005.453 COP</subfield>
    <subfield code="c">5</subfield>
    <subfield code="d">2013-08-24</subfield>
    <subfield code="h">SZM</subfield>
    <subfield code="i">00450874</subfield>
    <subfield code="m">SZM</subfield>
    <subfield code="r">2013-08-24 00:00:00</subfield>
    <subfield code="t">BOOK</subfield>
    <subfield code="w">ddc</subfield>
    <subfield code="y">0</subfield>
  </datafield>
</record>
